3 điều kỳ diệu làm nên một cuộc đời ý nghĩa

Tallennettuna:
Bibliografiset tiedot
Päätekijä: Lê, Đức Trung
Aineistotyyppi: Kirja
Kieli:Undetermined
Julkaistu: Hà Nội Văn hóa Thông tin 2007
Aiheet:
Tagit: Lisää tagi
Ei tageja, Lisää ensimmäinen tagi!
Thư viện lưu trữ: Trung tâm Học liệu Trường Đại học Cần Thơ
LEADER 00580nam a2200193Ia 4500
001 CTU_128442
008 210402s9999 xx 000 0 und d
020 |c 36000 
082 |a 158.128 
082 |b Tr513 
100 |a Lê, Đức Trung 
245 0 |a 3 điều kỳ diệu làm nên một cuộc đời ý nghĩa 
245 0 |c Lê Đức Trung (biên soạn) 
260 |a Hà Nội 
260 |b Văn hóa Thông tin 
260 |c 2007 
650 |a Spiritual life 
904 |i Hiếu 
980 |a Trung tâm Học liệu Trường Đại học Cần Thơ